• 首页
  • 本馆介绍
  • 公告通知
  • 最新文献
  • 馆藏检索
  • 电子资源
  • 读者导购
  • 参考咨询
  • 我的图书馆
  • 登录
  • 详细信息显示
  • 放入我的书架
  • 预约/预借图书
  • 作者相关作品
  • 分类相关作品
  • 丛书相关作品
  • 出版社相关作品

书目信息

  • 表格格式
  • 工作单格式
  • 卡片格式
题名:
华北文学文献
    
 
作者: 多洛肯 主编 ;甘肃省古籍文献整理编译中心 编
分册: 第十七卷  
出版信息: 北京   学苑出版社  2012
页数: 567页
开本: 26cm
丛书名: 中国华北文献丛书
单 册:
中图分类: I218.2
科图分类:
主题词: 古典文学 , 中国文学 , 中国文学--古典文学--作品集--华北地区--明清时代 , 中国文学--古典文学--作品集--华北地区
电子资源:
ISBN: 978-7-5077-3935-0
000 01204nam0 2200349 450
000 01167nam0 2200337 450
000 01226nam0 2200337 450
001 006624548
005 20150323082852.32
010    @a978-7-5077-3935-0@b精装@dCNY422.88
100    @a20140918e2012 emky0chiy50 ea
101 0  @achi
102    @aCN@b110000
105    @ay z 000zy
106    @ar
200 1  @a华北文学文献@9hua bei wen xue wen xian@h第十七卷@f甘肃省古籍文献整理编译中心,中国华北文献丛书编辑委员会编
205    @a[影印本]
210    @a北京@c学苑出版社@d2012
215    @a567页@d26cm
225 1  @a中国华北文献丛书@h第六辑@f傅璇琮总主编
300    @a甘肃省古籍文献整理编译中心重大整理项目
461  0 @12001 @a中国华北文献丛书
606 0  @a古典文学
606 0  @a中国文学
606 0  @a中国文学@x古典文学@x作品集@y华北地区@z明清时代
606 0  @a中国文学@x古典文学@x作品集@y华北地区
690    @aI218.2@v5
701  0 @c(哈族)@a多洛肯@9duo luo ken@4主编
712 02 @a甘肃省古籍文献整理编译中心@9gan su sheng gu ji wen xian zheng li bian yi zhong xin@4编
801  0 @aCN@b91MARC@c20140918
905    @b0847660@dI218.2@e14:17@f1
    
    华北文学文献.第十七卷/甘肃省古籍文献整理编译中心,中国华北文献丛书编辑委员会编.-[影印本].-北京:学苑出版社,2012
    567页;26cm.-(中国华北文献丛书.第六辑/傅璇琮总主编)
    甘肃省古籍文献整理编译中心重大整理项目
    
    ISBN 978-7-5077-3935-0(精装):CNY422.88
    
●
相关链接 在E读中查询图书 在五车中查询图书 在当当中查询图书 在豆瓣中查询图书


正题名:华北文学文献     索取号:I218.2/14:17         预约/预借

序号 登录号 条形码 馆藏地/架位号 状态 备注
1 0847660   208476601   地方文献典藏中心/ [索取号:I218.2/14:17] 在馆    
唐山师范学院图书馆 欢迎您!
大连网信软件有限公司© 版权所有